000 00662nam a2200229Ia 4500
005 20241129120042.0
008 241129s9999||||xx |||||||||||||| ||und||
020 _a9781292727820
037 _aTB
040 _aSDCL
_beng
_cSDCL
041 _aeng
_2eng
084 _aXM8:6.1'P, R4
_qSDCL
100 _aMoffett Michael H.; Stonehill Arthur I.; Eiteman David K.
_9729014
245 0 _aFundamentals of Multinational Finance
250 _a7th
260 _aNew Delhi
_bPearson
_c2024
300 _a572p.+V.P.
365 _aGBP
_b58.99
650 _aBusiness Economics and Finance
942 _cTB
_hXM8:6.1'P, R4
999 _c1233139
_d1233139